Dire Straits Albums Tile Select - Statistics

General Stats
  • This quiz has been taken 84 times
  • The average score is 37 of 45
Answer Stats
Question Tile Select % Correct
the following songs that are on Dire Straits (1978). Down to the Waterline Yes
97%
the following songs that are on Communiqué (1979). Lady Writer Yes
97%
the following songs that are on Brothers in Arms (1985). Money for Nothing Yes
97%
the following songs that are on Brothers in Arms (1985). Planet of New Orleans No
97%
the following songs that are on Dire Straits (1978). Sultans of Swing Yes
97%
the following songs that are on Making Movies (1980). Expresso Love Yes
96%
the following songs that are on Brothers in Arms (1985). Walk of Life Yes
96%
the following songs that are on Brothers in Arms (1985). You and Your Friend No
96%
the following songs that are on Making Movies (1980). Romeo and Juliet Yes
95%
the following songs that are on Brothers in Arms (1985). Ticket to Heaven No
95%
the following songs that are on Dire Straits (1978). Les Boys No
93%
the following songs that are on Brothers in Arms (1985). How Long No
92%
the following songs that are on Dire Straits (1978). Portobello Belle No
92%
the following songs that are on Love over Gold (1982). Skateaway No
92%
the following songs that are on Dire Straits (1978). Angel of Mercy No
91%
the following songs that are on Brothers in Arms (1985). Your Latest Trick Yes
91%
the following songs that are on Communiqué (1979). Lions No
89%
the following songs that are on Dire Straits (1978). News No
89%
the following songs that are on Making Movies (1980). Single-Handed Sailor No
89%
the following songs that are on Brothers in Arms (1985). So Far Away Yes
89%
the following songs that are on Love over Gold (1982). Telegraph Road Yes
89%
the following songs that are on Making Movies (1980). Where Do You Think You're Going? No
89%
the following songs that are on Dire Straits (1978). Six Blade Knife Yes
88%
the following songs that are on Love over Gold (1982). Tunnel of Love No
88%
the following songs that are on Making Movies (1980). Wild West End No
88%
the following songs that are on Love over Gold (1982). Private Investigations Yes
87%
the following songs that are on Communiqué (1979). Once Upon a Time in the West Yes
85%
the following songs that are on Love over Gold (1982). Industrial Disease Yes
84%
the following songs that are on Communiqué (1979). Southbound Again No
83%
the following songs that are on On Every Street (1991). Solid Rock No
80%
the following songs that are on Communiqué (1979). Water of Love No
80%
the following songs that are on On Every Street (1991). The Man's Too Strong No
79%
the following songs that are on On Every Street (1991). Why Worry No
79%
the following songs that are on On Every Street (1991). Calling Elvis Yes
77%
the following songs that are on On Every Street (1991). One World No
77%
the following songs that are on Dire Straits (1978). In the Gallery Yes
76%
the following songs that are on On Every Street (1991). Heavy Fuel Yes
71%
the following songs that are on On Every Street (1991). The Bug Yes
65%
the following songs that are on Love over Gold (1982). It Never Rains Yes
64%
the following songs that are on Brothers in Arms (1985). Ride Across the River Yes
64%
the following songs that are on Dire Straits (1978). Setting Me Up Yes
63%
the following songs that are on Making Movies (1980). Hand in Hand Yes
61%
the following songs that are on On Every Street (1991). Iron Hand Yes
59%
the following songs that are on Communiqué (1979). Follow Me Home Yes
49%
the following songs that are on On Every Street (1991). When It Comes to You Yes
44%
No matching quizzes found
Score Distribution
Percent of People with Each Score
Percentile by Number Answered
Your Score History
You have not taken this quiz